000 01670cam a22004574i 4500
003 PE-LiUPU
005 20250731172721.0
008 150617s r 000 0 d
035 _a(Sirsi) a11085
040 _aPE-LiUPU
_bspa
_cPE-LiUPU
_erda
049 _aPRUA
082 0 4 _a232
_bEs8
_221
100 1 _aEstrello, Francisco E.,
_eautor.
245 1 0 _aBreve historia de N. S. Jesucristo /
_cFrancisco E. Estrello.
264 1 _aMéxico :
_bCasa Unida de Publicaciones,
_c1943.
300 _a87 páginas ;
_c15 cm.
336 _atext
_2rdacontent
337 _aunmediated
_2rdamedia
338 _avolume
_2rdacarrier
490 0 _aEnciclopedia popular evangélica ;
_v3
505 0 _aCondiciones del mundo y de palestina al advenimiento de Cristo -- Belén y Nazaret -- Juan el bautista -- El ministerio de Judea -- El ministerio en Galilea -- Popularidad y oposición -- El evangelio del reino -- La SEMANA DE PASIóN -- La cruz -- La tumba Vacía.
526 _aSEG42
526 _aSEG41
526 _aSEG40
526 _aSEG39
526 _aP94
526 _aP87
526 _aP86
526 _aP85
526 _aP77
526 _aP76
526 _aP35
600 1 _aJesucristo.
910 _ajck
_bjvq
_cjck
_d20150616
942 _2ddc
_cBOOK
949 _a232 Es8
_wDEWEY
_c1
_i01531
_lCCODEBUL1
_mBUL
_p00.00
_r0
_sY
_tBOOK
_u2015-04-21
_xTEOLOGIA
_PP35
_0COMPRA
_o.STAFF. Colección General
994 _aC0
_bPEPRU
596 _a1
999 _a232 ES8
_wDEWEY
_c1198
_i01531
_f2021-11-9
_g4
_lCCODEBUL1
_mBUL
_r0
_sY
_tBOOK
_u2015-4-21
_xTEOLOGIA
_PP35
_0COMPRA
_o.STAFF. Colección General
_d1198
980 _81
_gALBERTO SANCHEZ Responsable de Automatización